000 00292nam a2200133 i 4500
001 bg
245 0 _aBiblioteka Elektryka Okrętowego.
260 _aGdynia,
_c1975.
040 _cBPK
041 _apol
080 _a629.12:621.3
942 _cKS
008 s pl f |000 0 pol
999 _c16662
_d16662
856 _uhttp://koha.tu.koszalin.pl/cgi-bin/koha/opac-detail.pl?biblionumber=16662
_yKatalog online BPK